| 000 | 00000nam 2200000zi 4500 |
| 001 | 9.922178 |
| 003 | CaOODSP |
| 005 | 20230502162503 |
| 006 | m o d f |
| 007 | cr |n |||||||| |
| 008 | 230502s1996 oncb o f000 0|fre d |
| 040 | |aCaOODSP|bfre|erda|cCaOODSP |
| 041 | |afre|aeng |
| 043 | |an-cn--- |
| 086 | 1 |aIu64-192/1996-PDF |
| 245 | 00|aLocal multipoint communication systems (LMCS) in the 28 GHz range : |bpolicy, authorization procedures and evaluation criteria. |
| 246 | 35|aSystèmes de télécommunications multipoints locaux (STML) dans la gamme 28 GHz : |bpolitique, procédures d'autorisation et critères d'évaluation |
| 264 | 1|a[Ottawa] : |b[Industrie Canada], |c[1996] |
| 300 | |a1 ressource en ligne (38, 37 pages) : |bcartes |
| 336 | |atexte|btxt|2rdacontent/fre |
| 337 | |ainformatique|bc|2rdamedia/fre |
| 338 | |aressource en ligne|bcr|2rdacarrier/fre |
| 500 | |aÉdition numérisée de l'imprimé [par Innovation, Sciences et Développement économique Canada]. |
| 546 | |aTexte en anglais et en français, le texte français suit l'anglais. |
| 650 | 6|aRadiodiffusion. |
| 650 | 6|aOndes radioélectriques|xPropagation. |
| 650 | 6|aTélécommunications|xPolitique gouvernementale. |
| 710 | 1 |aCanada. |bIndustrie Canada, |eorganisme de publication. |
| 791 | |tLocal multipoint communication systems (LMCS) in the 28 GHz range : |eeng|w(CaOODSP)9.891988 |
| 856 | 40|qPDF|s2.72 Mo|uhttps://publications.gc.ca/collections/collection_2023/isde-ised/iu64/Iu64-192-1996.pdf |